000
002730000a22000970004500
100
1
_a
Torres Gómez, Gustavo
245
1
0
_a
La rotación de pastores hechas realidad
300
_a
Vol.17, núm.17 (Junio, 2005), Página 26
773
0
_t
La Voz Luterana de Colombia
942
_c
ANA
999
_c
60548
_d
60548